000 00735nam a2200205Ia 4500
003 GCL
008 140319s9999 xx 000 0 ara d
040 _aGCL /
_cGCL
082 0 4 _a956.903
_bك ر
100 1 _aكارم يحيى
245 1 0 _aرهان المليون السابع :
_bاليهود والهجرة الصهيونية حتى 2020 /
_cكارم يحيى
250 _aالاولى
300 _a287 ص ؛
_c10 سم
650 0 4 _aالنزاع العربى الاسرائيلى
650 0 4 _aاليهودية
650 0 4 _aهجرة اليهود الى فلسطين
650 0 4 _aالاستيطان
650 0 4 _aفلسطين - تاريخ - العصر الحديث - الاحتلال الصهيونى
942 _2ddc
_cBK
999 _c5535
_d5535